Universidad Industrial de Santander: 50 años

Wedi'i Gadw mewn:
Manylion Llyfryddiaeth
Prif Awdur: Martínez Carreño, Aida (autora)
Fformat: Llyfr
Iaith:Sbaeneg
Saesneg
Cyhoeddwyd: Gamma S. A 1998
Rhifyn:1a. ed
Pynciau:
Tagiau: Ychwanegu Tag
Dim Tagiau, Byddwch y cyntaf i dagio'r cofnod hwn!

MARC

LEADER 00000nam a2200000 a 4500
001 UCH3420
003 CL-VaPUC
008 090723e19980600CK |||||||||||||||||spa|d
020 |a 9308635 
041 0 7 |a spa  |2 CL-VaPUC 
041 0 7 |a eng  |2 CL-VaPUC 
082 0 4 |a 378.071186  |b MAR  |2 21 
100 |a Martínez Carreño, Aida  |e autora  |9 538770 
245 1 0 |a Universidad Industrial de Santander: 50 años 
250 |a 1a. ed 
300 |a 223 p 
942 |c BK 
945 |d 20090723 00:00:00  |a dcastane 
260 |b Gamma S. A  |c 1998 
650 0 |a Universidades  |9 256317 
650 7 |a UNIVERSIDADES COLOMBIANAS  |2 CL-VaPUC  |9 471377 
651 0 |a Colombia  |9 256424 
583 |a last modification  |c 20121220 10:35:45  |k Rodrigo Vera 
999 |c 334989  |d 334987 
952 |0 0  |1 0  |4 0  |6 378_071186000000000_MAR_1998  |7 0  |8 X  |9 424437  |a FDOBUD  |b FDOBUD  |d 2019-11-22  |i 457866K  |o 378.071186 MAR 1998  |p 457866K  |r 2019-11-22  |w 2019-11-22  |y BK_X  |k BUD